Requeriments for certification : for elementary schools, secondary schools, junior colleges.

Guardado en:
Detalles Bibliográficos
Autor principal: Woellner, Elizabeth (autor)
Otros autores: Wood, Aurilla (autor) (autor)
Formato: Libro
Idioma:Inglés
Edición:36a edición
Colección:(Teachers, counselors, librarians and administrators)
Temas:
Etiquetas: Agrega una etiqueta
Sin etiquetas, Sé el primero en etiquetar este registro!

MARC

LEADER 00000cam^a2200000uu^4500
001 000476029
005 20250521000000.0
008 050901s1972^^^^^^^^^^^^rd^r^^000^0^eng^d
009 20260310124817.517
035 |a FCE 000018898 
035 |a FCE 023776 
037 |a Acervo ITESO - Biblioteca 
041 |a eng 
082 0 4 |a 371.1272  |b WOEr 
100 |a Woellner, Elizabeth  |e (autor) 
245 1 0 |a Requeriments for certification :  |b for elementary schools, secondary schools, junior colleges. 
250 |a 36a edición 
264 |a Chicago :  |b The University of Chicago Press,  |c 1972. 
300 |a 223 p. 
336 |a texto  |b txt  |2 rdacontenido 
337 |a sin mediación  |b n  |2 rdamedio 
338 |a volumen  |b nc  |2 rdasoporte 
440 0 |a (Teachers, counselors, librarians and administrators) 
649 |a XX 
650 |a Educación básica 
650 |a Guía 
650 |a Personal de educación 
650 |a Educación media básica 
650 |a Certificación de estudios 
650 |a Educación secundaria 
650 |a Estados Unidos 
700 |a Wood, Aurilla  |e (autor) 
910 |a Fondo Centro de Estudios Educativos 
920 |a Impresos - Libros 
930 |a Fondos Especiales 
905 |a 133 
901 |a ALE023776  |b IT2  |c CEE  |u 20250521 
902 |a https://opac.biblio.iteso.mx/vufind/Record/000476029